Sports Quiz

Random Sports or NCAA Quiz
Score 0/122 Timer 18:00
0 Plays Today
School % Correct
North Carolina
96.9%
Alabama
95.4%
Michigan
95.4%
Clemson
93.8%
Boston College
93.8%
Florida State
93.8%
Louisville
93.8%
Duke
93.8%
Virginia Tech
93.8%
Virginia
93.8%
Maryland
93.8%
Michigan State
93.8%
Minnesota
93.8%
Oklahoma State
93.8%
Oklahoma
93.8%
Texas
93.8%
Georgia
93.8%
Kentucky
93.8%
Mississippi
93.8%
Mississippi State
93.8%
North Carolina State
92.3%
Wake Forest
92.3%
Syracuse
92.3%
Georgia Tech
92.3%
Indiana
92.3%
Ohio State
92.3%
Pennsylvania State
92.3%
Illinois
92.3%
Iowa
92.3%
Kansas
92.3%
Kansas State
92.3%
Arizona
92.3%
Arizona State
92.3%
Oregon
92.3%
Oregon State
92.3%
Washington State
92.3%
Washington
92.3%
Florida
92.3%
Auburn
92.3%
Connecticut
90.8%
Notre Dame
90.8%
School % Correct
Miami
90.8%
Purdue
90.8%
Wisconsin
90.8%
Baylor
90.8%
Texas Christian
90.8%
University of California, Los Angeles
90.8%
University of Southern California
90.8%
South Carolina
90.8%
Louisiana State
90.8%
Cincinnati
89.2%
Pittsburgh
89.2%
Nebraska
89.2%
Iowa State
89.2%
Texas Tech
89.2%
West Virginia
89.2%
Tennessee
89.2%
Georgetown
89.2%
Villanova
89.2%
California
87.7%
South Florida
87.7%
Central Florida
87.7%
Northwestern
87.7%
Colorado
87.7%
Utah
87.7%
Vanderbilt
87.7%
Arkansas
87.7%
Texas A&M
87.7%
Gonzaga
87.7%
Marquette
86.2%
Temple
86.2%
Houston
86.2%
Wyoming
86.2%
Missouri
86.2%
St. John's
86.2%
Xavier
86.2%
Memphis
84.6%
Rutgers
84.6%
University of Nevada, Las Vegas
84.6%
Stanford
84.6%
Butler
84.6%
San Francisco
84.6%
School % Correct
Wichita State
83.1%
Utah State
83.1%
Brigham Young University
81.5%
Boise State
81.5%
Colorado State
81.5%
Nevada
81.5%
Seton Hall
81.5%
Rhode Island
80%
Saint Mary's
80%
Tulsa
78.5%
New Mexico
78.5%
DePaul
78.5%
Creighton
78.5%
St. Joseph's
78.5%
Providence
76.9%
Southern Methodist
76.9%
Tulane
76.9%
San Diego
76.9%
Fresno State
75.4%
San Diego State
73.8%
Massachusetts
73.8%
Virginia Commonwealth
70.8%
East Carolina
69.2%
Saint Louis
69.2%
Air Force
67.7%
Duquesne
67.7%
Dayton
66.2%
George Washington
66.2%
St. Bonaventure
64.6%
Portland
63.1%
La Salle
62.5%
San Jose State
61.5%
George Mason
61.5%
Richmond
61.5%
Davidson
60%
Fordham
58.5%
Loyola Marymount
58.5%
University of the Pacific
58.5%
Pepperdine
52.3%
Santa Clara
52.3%
Remove Ads.
Support Sporcle.
Get the best of Sporcle when you Go Orange. This ad-free experience offers more features, more stats, and more fun while also helping to support Sporcle. Thank you for becoming a member.

You're not logged in!

Compare scores with friends on all Sporcle quizzes.
OR
Log In

Show Comments

Extras

Top Quizzes Today


Score Distribution

Your Account Isn't Verified!

In order to create a playlist on Sporcle, you need to verify the email address you used during registration. Go to your Sporcle Settings to finish the process.

Report this User

Report this user for behavior that violates our Community Guidelines.

Details: